A Primer of Real Functions /

সংরক্ষণ করুন:
গ্রন্থ-পঞ্জীর বিবরন
প্রধান লেখক: Boas, Ralph P.
বিন্যাস: Sách giấy
ভাষা:English
প্রকাশিত: Rahway, New Jersey : The Mathematical Association of America, 1963
ট্যাগগুলো: ট্যাগ যুক্ত করুন
কোনো ট্যাগ নেই, প্রথমজন হিসাবে ট্যাগ করুন!
Thư viện lưu trữ: Thư viện Trường Đại học Đà Lạt
LEADER 00563nam a2200229 4500
001 DLU020000483
005 ##12/21/1998
041 # # |a eng 
082 # # |a 515.84  |b BO-R 
100 # # |a Boas, Ralph P. 
245 # # |a A Primer of Real Functions /  |c Ralph P. Boas  
260 # # |a Rahway, New Jersey :  |b The Mathematical Association of America,  |c 1963 
300 # # |a X, 189 tr.;  |c 19 cm. 
992 # # |a 2000 
994 # # |a DLU 
900 # # |a False 
911 # # |a Administrator 
925 # # |a G 
926 # # |a A 
927 # # |a SH 
980 # # |a Thư viện Trường Đại học Đà Lạt